| 000 | 00547nam a2200181 i 4500 | ||
|---|---|---|---|
| 001 | 150060 | ||
| 003 | ES-MaACL | ||
| 005 | 20230906203348.0 | ||
| 007 | t| | ||
| 008 | 071026s1960 sp ||||1| spa d | ||
| 100 | 1 |
_aVallotton, Henry. _9112926 |
|
| 245 | 1 | 0 |
_aCatalina II / _cHenri Vallotton ; [traducción y notas de Alfredo Darnell]. |
| 260 |
_aMadrid : _bCid, _c1960. |
||
| 300 |
_a365 p. ; _c21 cm. |
||
| 600 | 1 | 4 |
_aCatalina _bII _cEmperatriz de Rusia. _937041 |
| 700 | 1 |
_aDarnell, Alfredo. _942740 |
|
| 852 |
_aES-MaACL _jC-19088 _bR.47181 |
||
| 999 |
_c150060 _d150060 |
||